OXFORD HAND BOOK OF ENDOCRINOLOGY & DIABETES / (Record no. 795690)

MARC details
000 -LEADER
fixed length control field 00527pam a2200193 a 4500
020 ## - INTERNATIONAL STANDARD BOOK NUMBER
International Standard Book Number 0195665392
Terms of availability 445.00
041 ## - LANGUAGE CODE
Language code of text/sound track or separate title eng
Language code of original NULL
082 ## - DEWEY DECIMAL CLASSIFICATION NUMBER
Classification number 616.4
Item number TUR/WAS
100 ## - MAIN ENTRY--PERSONAL NAME
Personal name TURNER, H .
245 ## - TITLE STATEMENT
Title OXFORD HAND BOOK OF ENDOCRINOLOGY & DIABETES /
Statement of responsibility, etc. NULL.
Medium Textual Documents
260 ## - PUBLICATION, DISTRIBUTION, ETC.
Place of publication, distribution, etc. NULL :
Name of publisher, distributor, etc. OXFORD UNIVERSITY PRESS ,
Date of publication, distribution, etc. 2003.
300 ## - PHYSICAL DESCRIPTION
Extent 1005 :
Other physical details xix ;
Dimensions NULL .
365 ## - TRADE PRICE
Price type code 445.00
Price note 2
650 ## - SUBJECT ADDED ENTRY--TOPICAL TERM
Topical term or geographic name entry element GEN.MEDICINE
700 ## - ADDED ENTRY--PERSONAL NAME
Personal name WASS, J .
907 ## - LOCAL DATA ELEMENT G, LDG (RLIN)
a 3420
-- 3421
930 ## - EQUIVALENCE OR CROSS-REFERENCE-UNIFORM TITLE HEADING [LOCAL, CANADA]
Uniform title 1154
Holdings
Withdrawn status Lost status Damaged status Not for loan Home library Current library Date acquired Source of acquisition Cost, normal purchase price Total Checkouts Full call number Barcode Date last seen Copy number Price effective from Koha item type Collection Date due Date last checked out
        Medical College & Hospital, Sangli Medical College & Hospital, Sangli 28/11/2011 445.00   616.4 TUR/WAS MCS-3421 26/07/2023 3 26/07/2023 Book      
        Medical College & Hospital, Sangli Medical College & Hospital, Sangli 28/11/2011 445.00 1 616.4 TUR/WAS MCS-3420 06/10/2023 2 26/07/2023 Book   01/10/2043 06/10/2023
        Medical College & Hospital, Sangli Medical College & Hospital, Sangli 28/11/2011 445.00   616.4 TUR/WAS MCS-3419 26/07/2023 1 26/07/2023 Book